Квантовая и оптическая электроника: практикум

Bibliografske podrobnosti
Glavni avtor: Евтушенко Г. С. Геннадий Сергеевич
Korporativna značnica: Национальный исследовательский Томский политехнический университет (ТПУ)
Drugi avtorji: Губарев Ф. А. Фёдор Александрович
Izvleček:Заглавие с титульного экрана
Электронная версия печатной публикации
Учебное пособие состоит из шести лабораторных работ, включающих изучение различных типов лазеров, особенностей передачи информации по оптоволокну, возможностей лазерных проекционных микроскопов. Рассмотрены основные вопросы физики лазеров и характеристики оптического излучения. Предназначено для студентов, обучающихся по направлению 550700 «Электроника и микроэлектроника».
Режим доступа: из корпоративной сети ТПУ
Jezik:ruščina
Izdano: Томск, Изд-во ТПУ, 2010
Teme:
Online dostop:http://www.lib.tpu.ru/fulltext2/m/2011/m177.pdf
Format: Elektronski Knjiga
KOHA link:https://koha.lib.tpu.ru/cgi-bin/koha/opac-detail.pl?biblionumber=195399

MARC

LEADER 00000nlm0a2200000 4500
001 195399
005 20240209134033.0
035 |a (RuTPU)RU\TPU\book\213143 
090 |a 195399 
100 |a 20110508d2010 m y0rusy50 ca 
101 0 |a rus 
102 |a RU 
105 |a a j 001zy 
135 |a drgn ---uucaa 
181 0 |a i  
182 0 |a b 
200 1 |a Квантовая и оптическая электроника  |e практикум  |f Г. С. Евтушенко, Ф. А. Губарев  |g Национальный исследовательский Томский политехнический университет (ТПУ) 
203 |a Текст  |c электронный 
210 |a Томск  |c Изд-во ТПУ  |d 2010 
300 |a Заглавие с титульного экрана 
300 |a Электронная версия печатной публикации 
330 |a Учебное пособие состоит из шести лабораторных работ, включающих изучение различных типов лазеров, особенностей передачи информации по оптоволокну, возможностей лазерных проекционных микроскопов. Рассмотрены основные вопросы физики лазеров и характеристики оптического излучения. Предназначено для студентов, обучающихся по направлению 550700 «Электроника и микроэлектроника». 
333 |a Режим доступа: из корпоративной сети ТПУ 
337 |a Adobe Reader 
452 1 |0 (RuTPU)RU\TPU\book\200038  |t Квантовая и оптическая электроника  |o практикум  |f Г. С. Евтушенко, Ф. А. Губарев  |g Национальный исследовательский Томский политехнический университет (ТПУ)  |c Томск  |n Изд-во ТПУ  |d 2010  |p 88 с.  |a Евтушенко, Геннадий Сергеевич 
606 1 |a Электроника квантовая  |2 stltpush  |3 (RuTPU)RU\TPU\subj\20327  |9 45436 
606 1 |a Оптоэлектроника  |2 stltpush  |3 (RuTPU)RU\TPU\subj\47265  |9 66320 
610 1 |a электронный ресурс 
610 1 |a труды учёных ТПУ 
610 1 |a учебные пособия 
610 1 |a практикумы 
610 1 |a оптическая электроника 
610 1 |a лазеры 
610 1 |a техника безопасности 
610 1 |a гелий-неоновые лазеры 
610 1 |a твердотельные лазеры 
610 1 |a излучение 
610 1 |a пучки 
610 1 |a оптоволокно 
610 1 |a данные 
610 1 |a передача данных 
610 1 |a лазерные мониторы 
675 |a 621.375.8(076.5)  |v 3 
675 |a 621.383(076.5)  |v 3 
700 1 |a Евтушенко  |b Г. С.  |c российский специалист в области электрофизики  |c профессор Томского политехнического университета, доктор технических наук  |f 1947-  |g Геннадий Сергеевич  |3 (RuTPU)RU\TPU\pers\21960  |9 9279 
701 1 |a Губарев  |b Ф. А.  |c специалист в области электроники  |c доцент Томского политехнического университета, кандидат физико-математических наук  |f 1979-  |g Фёдор Александрович  |3 (RuTPU)RU\TPU\pers\25668  |9 11579 
712 0 2 |a Национальный исследовательский Томский политехнический университет (ТПУ)  |c (2009- )  |3 (RuTPU)RU\TPU\col\15902 
801 1 |a RU  |b 63413507  |c 20110508 
856 4 |u http://www.lib.tpu.ru/fulltext2/m/2011/m177.pdf 
942 |c CF